El Dorado International Airport Destinations (Bogotá, Colombia) - Statistics

General Stats
  • This quiz has been taken 143 times
    93 since last reset
  • The average score is 62 of 103
Answer Stats
Airline Destination % Correct
Avianca Rio de Janeiro (Galeão)
100%
Aerolíneas Argentinas/Avianca Buenos Aires (Aeroparque)
98%
Avianca/Avianca Ecuador Buenos Aires (Ezeiza)
98%
Avianca/LATAM Colombia/LATAM Perú/Wingo Lima
98%
Avianca/Avianca Ecuador/LATAM Colombia/LATAM Ecuador/Wingo Quito
98%
Air Europa/Avianca/Iberia/Plus Ultra Líneas Aéreas Madrid
96%
Aeroméxico/Avianca/Volaris Mexico City
96%
Viva Mexico City (AIFA)
96%
Air France/Avianca Paris (Charles de Gaulle)
96%
Avianca/JetSmart Chile/LATAM Chile/Sky Airline Santiago de Chile
96%
Avianca/LATAM Colombia São Paulo (Guarulhos)
96%
Avianca/Clic/JetSmart Colombia/LATAM Colombia/Wingo Cali
93%
American Airlines/Avianca/Emirates/LATAM Chile/LATAM Colombia Miami
93%
Avianca/Delta Air Lines New York (JFK)
93%
Avianca/JetSmart Colombia/LATAM Colombia/Wingo Medellín (JMC)
91%
Clic/SATENA Medellín (Olaya Herrera)
91%
Avianca Barcelona
89%
United Airlines Houston (Intercontinental)
89%
Avianca/Avianca Costa Rica/Wingo San José (CR)
89%
Clic/SATENA San José del Guaviare
89%
KLM Amsterdam
87%
Avianca/Avior Airlines/LASER Airlines/LATAM Colombia/Wingo Caracas
87%
American Airlines/Avianca Dallas/Fort Worth
87%
Avianca/Avianca Ecuador/Copa Airlines/Wingo Panama City (Tocumen)
87%
Avianca/LATAM Colombia/Wingo Barranquilla
84%
Air Canada/Avianca Toronto (Pearson)
84%
Delta Air Lines Atlanta
82%
Gol Linhas Aéreas Brasília
82%
Avianca/Viva/Volaris/Wingo Cancún
82%
Avianca/Clic/JetSmart Colombia/LATAM Colombia/Wingo Cartagena
82%
Emirates Dubai (International)
82%
Avianca Ecuador/LATAM Ecuador Guayaquil
82%
Avianca London (Heathrow)
82%
Air Canada/Avianca Montréal (Trudeau)
82%
Avianca/JetBlue/LATAM Colombia/Spirit Airlines Orlando
82%
Avianca La Paz
80%
Avianca Montevideo
80%
Avianca/Avianca El Salvador San Salvador
80%
Lufthansa Frankfurt
78%
Avianca/Avianca Guatemala Guatemala City
78%
Avianca/Wingo Havana
78%
Turkish Airlines Istanbul
78%
Avianca/Clic/LATAM Colombia/Wingo Bucaramanga
76%
Avianca Washington (Dulles)
76%
Avianca Asunción
71%
Avianca Chicago (O'Hare)
71%
Viva Monterrey
71%
Edelweiss Air Zürich
71%
Viva Guadalajara
69%
Avianca/Gol Linhas Aéreas Manaus
67%
Arajet/Avianca/Wingo Santo Domingo (Las Américas)
67%
Avianca Boston
64%
Arajet/Avianca/Wingo Punta Cana
64%
Avianca San Juan
62%
Avianca Ecuador Santa Cruz de la Sierra (Viru Viru)
62%
Avianca/JetSmart Colombia/LATAM Colombia/Wingo Pereira
60%
Avianca/Avianca Ecuador/Wingo Aruba
58%
Avianca/Clic/LATAM Colombia Cúcuta
58%
Avianca Cusco
58%
Avianca/LATAM Colombia Pasto
58%
Avianca/JetSmart Colombia/LATAM Colombia/Wingo Santa Marta
58%
Avianca/Avianca Express/Clic/LATAM Colombia/Wingo Armenia
56%
Avianca/Spirit Airlines Fort Lauderdale
56%
Avianca Tampa
56%
SATENA Valencia (VE)
56%
Avianca/LATAM Colombia Leticia
53%
Avianca Ecuador Córdoba (AR)
49%
Avianca Valledupar
47%
Avianca Georgetown (Cheddi Jagan)
44%
Avianca Express/Clic Manizales
44%
Avianca/Avianca Express/SATENA Villavicencio
44%
Avianca/Wingo Curaçao
42%
Avianca Express/LATAM Colombia Ibagué
42%
Avianca/Clic/SATENA Arauca
40%
Avianca/LATAM Colombia Riohacha
40%
Avianca/LATAM Colombia Montería
38%
Clic/SATENA Buenaventura
36%
Avianca/Avianca Express/Clic/SATENA Florencia
36%
Avianca/Avianca Express/Clic Popayán
36%
Avianca/Clic/SATENA Quibdó
36%
Avianca/Avianca Express/Clic/LATAM Colombia Neiva
33%
Avianca/Avianca Express/Clic/LATAM Colombia Yopal
33%
Avianca/SATENA Ipiales
31%
SATENA Mitú
27%
Avianca Express/Clic/SATENA Tumaco
27%
SATENA Puerto Carreño
24%
Avianca/Avianca Express/Clic Barrancabermeja
22%
Clic/SATENA Pitalito
22%
Avianca/LATAM Colombia San Andrés Island
22%
SATENA Tolú
22%
Avianca/SATENA Sincelejo
20%
SATENA Paipa
18%
SATENA Apartadó
16%
Clic/SATENA Puerto Asís
16%
Clic/SATENA Puerto Inírida
13%
SATENA Puerto Leguízamo
13%
SATENA Girardot
11%
SATENA Saravena
11%
SATENA Aguachica
9%
SATENA San Vicente del Caguan
9%
SATENA Tame
9%
Clic/SATENA La Macarena
7%
SATENA Villagarzon
7%
No matching quizzes found
Score Distribution
Percent of People with Each Score
Percentile by Number Answered
Your Score History
You have not taken this quiz since the last reset